Statistics for High School Musical: The Musical: The Series: 3rd Season: Characters

Click here to take the quiz!

General Stats

  • This quiz has been taken 18 times
  • The average score is 12 of 25

Answer Stats

Actress/ ActorCharacter% Correct
Matt CornettE.J.
90%
Sofia WylieGina
90%
Joshua BassettRicky
90%
Julia LesterAshlyn
80%
Dara ReneeKourtney
80%
Olivia RodrigoNini
80%
Frankie RodriguezCarlos
70%
Larry SapersteinBig Red
60%
Saylor Bell CurdaMaddox
60%
Joe SerafiniSeb
60%
Adrian LylesJet
50%
Olivia Rose KeeganLily
50%
Jojo SiwaMadison
50%
Aria BrooksAlex
40%
Meg DonnellyVal
40%
Ben StillwellChanning
30%
Jason EarlesDewey Wood
30%
Liamani SeguraEmmy
30%
Corbin BleuHimself
30%
Jesse Tyler FergusonMarvin
30%
Kate ReindersMiss Jenn
30%
Nicole SullivanCarol
20%
Michelle NohDana
20%
Alexis NelisNatalie Bagley
20%
Andrew Barth FeldmanAntoine
10%

Score Distribution

Percentile by Number Answered

Percent of People with Each Score

Your Score History

You have not taken this quiz